000 00628nam a2200217 i 4500
001 bg
100 1 _aSOBOLEWSKI, Henryk.
245 1 0 _aRachunkowość zarządcza /
_cHenryk Sobolewski.
260 _aPoznań :
_bWydaw. Wyższej Szkoły Bankowej,
_c1997.
300 _a263 s. :
_bwykr. ;
_c24 cm.
504 _aBibliogr. s. 58, 174-175, 263.
650 9 _aRachunkowość zarządcza
655 _aPodręczniki akademickie
020 _a8386808381
040 _cBPK
041 0 _apl
080 _a657::66/69:658.14/.17.011](075.8)
920 _a83-86808-38-1
942 _cKS
008 s pl f |000 0 pol
999 _c31785
_d31785
856 _uhttp://koha.tu.koszalin.pl/cgi-bin/koha/opac-detail.pl?biblionumber=31785
_yKatalog online BPK